Państwa Bez Rzek - Statystyki

Ogólne statystyki
  • Ten quiz został rozwiązany 221 razy
  • Średni wynik to 11 z 17
Statystyki odpowiedzi
Kontynent Państwo % Poprawnych
Europa Watykan
86%
Europa Monako
81%
Azja Arabia Saudyjska
72%
Azja Oman
69%
Azja Jemen
68%
Azja Katar
68%
Azja Zjednoczone Emiraty Arabskie
66%
Europa Malta
65%
Azja Bahrajn
63%
Azja Kuwejt
63%
Oceania Nauru
63%
Oceania Tuvalu
60%
Oceania Wyspy Marshalla
58%
Oceania Kiribati
54%
Ameryka Północna Bahamy
42%
Afryka Komory
41%
Azja Malediwy
40%
Nie znaleziono quizów pasujących do podanych kryteriów
Rozkład punktacji
Procent ludzi z każdym wynikiem
Percentyl według liczby udzielonych odpowiedzi
Twoja historia wyników
Nie rozwiązałeś tego quizu